000 00703nam a22002177a 4500
003 UA-OsUOA
001 97182
007 ta
008 20130327b un ||||| |||| 00| 0 ukr d
100 _aХіврич С.
090 _a82
_bХ54
942 _cSA
040 _aUA-OsUOA
_bukr
_cUA-OsUOA
_dUA-OsUOA
245 _aХудожні прийоми творення образів у картинах Тараса Шевченка
300 _aС.47-50
955 _a0
041 _aukr
080 _a82
773 0 _w97177
_tУкраїнська мова й література в сучасній школі
_dК.
_d2013
_g3
650 7 _a82 Література. Літературознавство
_2UDC
999 _c383434
_d383434